Technology and security in the 21st century : a demand-side perspective (Record no. 403893)

MARC details
000 -LEADER
fixed length control field 00778nam a2200241Ia 4500
008 - FIXED-LENGTH DATA ELEMENTS--GENERAL INFORMATION
fixed length control field 191130s2004##################000#0#eng##
020 ## - INTERNATIONAL STANDARD BOOK NUMBER
ISBN 9780199271764
082 ## - DEWEY DECIMAL CLASSIFICATION NUMBER
Classification number 327.174 MAL
100 ## - MAIN ENTRY--AUTHOR NAME
Personal name Mallik, Amitav
245 ## - TITLE STATEMENT
Title Technology and security in the 21st century : a demand-side perspective
Statement of responsibility, etc Amitav Mallik
260 ## - PUBLICATION, DISTRIBUTION, ETC. (IMPRINT)
Place of publication Oxford
Name of publisher Oxford University Press
Year of publication c2004
300 ## - PHYSICAL DESCRIPTION
Number of Pages xii, 151p. ; 23 cm
500 ## - GENERAL NOTE
General note Includes bibliographical references and index
650 ## - SUBJECT ADDED ENTRY--TOPICAL TERM
Topical Term Arms control
Topical Term National security
Topical Term Security, International
Topical Term Technology transfer
710 ## - ADDED ENTRY--CORPORATE NAME
Corporate name or jurisdiction name as entry element Stockholm International Peace Research Institute
991 ## -
-- 136477

No items available.

Find us on the map